Heidi

保存先:
書誌詳細
第一著者: Spyri, Johnna
フォーマット: 図書
言語:Undetermined
出版事項: London Puffin 2003
主題:
タグ: タグ追加
タグなし, このレコードへの初めてのタグを付けませんか!
Thư viện lưu trữ: Trung tâm Học liệu Trường Đại học Cần Thơ
LEADER 00513nam a2200205Ia 4500
001 CTU_94892
008 210402s9999 xx 000 0 und d
020 |c 96000 
082 |a 741.5 
082 |b S772 
100 |a Spyri, Johnna 
245 0 |a Heidi 
245 0 |c Johnna Spyri, Eileen Hall, Cecil Leslie 
260 |a London 
260 |b Puffin 
260 |c 2003 
650 |a Toy and movable books 
650 |x Specimens 
904 |i Hiếu 
980 |a Trung tâm Học liệu Trường Đại học Cần Thơ